Регионална библиотека "Любен Каравелов" - Русе

Зимни музикални вечери (Запис номер 491252)

MARC детайли
000 -Лидер
Контролно поле с фиксирана дължина 01204nam a2200277 a 4500
003 - Код на организацията, давaща контролен номер
Контролно поле BLK
005 - Дата и час на последна редакция
Контролно поле 20230913094242.0
008 - Елементи от данни с фиксирана дължина
fixed length control field 220311b bul|||||r ||||||| ||bul||
040 ## - Източник на каталожния запис
Идентификатор на билиотеката - собственик на записа BLK
041 ## - Код за език
Код за езика на текст/звукозапис или на отделно заглавие Български
Код за езика КДБФ Български
080 ## - УДК
Текстов определител УДК Симфоничен оркестър
УДК код - определител по УДК 785.11
УДК определител (497.215)(062)
УДК - код + определител 785.11(497.215)(062)
110 ## - Редна дума - колетивен орган
9 (RLIN) 471328
Редна дума - наименование на организация или юридическо лице Русенска филхармония
139 ## - Редно поле
Авторски знак Русен - Р 95
245 10 - Сведения за заглавието
Заглавие Зимни музикални вечери
Подзаглавни данни 28 януари - 25 февруари : посветени на творчеството на великия руски композитор П. И. Чайковски
Физически носител (вид на носителя) [Малотир. изд.]
260 ## - Област на издателските данни
Място на издаване, разпространение и проч. Русе
Име на издателя, разпространителя и проч. б. и.
Година на издаване 1972
9 (RLIN) 441842
300 ## - Физическа характеристика
Страници 4 с.
Размери/Мащаб 20 см
380 ## - Жанр
Жанр Изкуство
500 ## - Общи забележки
Забележка Диригент: Емил Главанаков; Солист: Богдана Пенева<br/>Дом на културата, 4 февр. 1972 г., 19.30 ч.
653 #7 - Ключова дума – ненормативна
9 (RLIN) 195856
Ключова дума Русенска филхармония
653 #7 - Ключова дума – ненормативна
9 (RLIN) 189133
Ключова дума концерти
653 #7 - Ключова дума – ненормативна
9 (RLIN) 196608
Ключова дума симфонични оркестри
852 ## - Местоположение
Фондова буква Краезнание
Систематично-азбучна сигнатура К 78/Р 95
856 ## - Електронен адрес и достъп
Инструкция (цена за достъп) 0.00
Права за достъп disable
999 ## - СИСТЕМНИ КОНТРОЛНИ НОМЕРА
Koha biblionumber 491252
Koha biblioitemnumber 491252
942 ## - АРТИКУЛИ
Вид на библиотечния материал Книги
Скрит в OPAC Не
Периодичен библиозапис Да
Koha issues (borrowed), all copies 1
944 ## - СЪЗДАВАНЕ И РЕДАКЦИЯ на ЗАПИСА
Създаване/Редакция Създаване
Дата на регистрацията/редакция 2023-05-09
Служител, извършил регистрацията/редакцията 30558
Статус, дата на статуса Валя Йорданова
Наличности
Код за отписване Код за изгубен артикул Източник на класификационната схема Код за повреда Коз за рестрикции Код за отдаване Артикулен № Име на библиотеката - собственик Име на библиотеката, в която се намира в момента Статус (Текущо местоположение) Дата на вписване в системата Местоположение - отдел Цена в лева Инвентарен номер Систематично азбучна сигнатура Баркод Цена в евро Служебен тип на артикула
  Не е изгубен Universal Decimal Classification Не е повреден само за читалня ползва се в читалня 931602 Регионална библиотека "Любен Каравелов" Русе Регионална библиотека "Любен Каравелов" Русе Краезнание 2023-08-03 Краезнание 1.00 120000890776 К 78/Р 95 120000890776 0.51 Книги
Vip Innovations Ltd, Rousse, Bulgaria 2025